000 01125cam a2200349 i 4500
999 _c1165
_d1165
001 020540899
003 UkOxU
005 20220804085821.0
008 160329t20161976enk 000 f eng d
020 _a9781784870980
_qpaperback
035 _a(StEdNL)6602164
035 _a(UkLoRLUK)706602164
038 _aUkLoRLUK
040 _aStEdNL
_beng
_cStEdNL
_dUkOxU
_dKH8
049 _lc
082 _aFIC VON
100 1 _aVonnegut, Kurt,
_eauthor.
245 1 0 _aSlapstick, or, Lonesome no more /
_cKurt Vonnegut.
246 3 0 _aLonesome no more
264 1 _aLondon :
_bVintage,
_c[2016?]
264 4 _c©1976
300 _a170 pages ;
_c18 cm. +
_e1 sheet of acetate.
336 _atext
_2rdacontent
337 _aunmediated
_2rdamedia
338 _avolume
_2rdacarrier
500 _a"First published in Great Britain in 1991 by Vintage Books"--Title page verso.
500 _a1 sheet of acetate, which animates cover art, attached to inside front cover.
650 0 _aDystopias
_vFiction.
650 0 _aPresidents
_zUnited States
_vFiction.
651 0 _aManhattan (New York, N.Y.)
_vFiction.
942 _2ddc
_cFIC